<?xml version="1.0" encoding="UTF-8"?>
<record
    xmlns:xsi="http://www.w3.org/2001/XMLSchema-instance"
    xsi:schemaLocation="http://www.loc.gov/MARC21/slim http://www.loc.gov/standards/marcxml/schema/MARC21slim.xsd"
    xmlns="http://www.loc.gov/MARC21/slim">

  <leader>01624cac a22001811u 4500</leader>
  <controlfield tag="008">081102t2004    ii |||||r|||| 001 0 eng d</controlfield>
  <datafield tag="020" ind1=" " ind2=" ">
    <subfield code="a">8170083109</subfield>
  </datafield>
  <datafield tag="082" ind1=" " ind2=" ">
    <subfield code="a">001.6404</subfield>
    <subfield code="b">VEN</subfield>
    <subfield code="2">22</subfield>
  </datafield>
  <datafield tag="100" ind1=" " ind2=" ">
    <subfield code="a">Venkata Ram, s.k.            </subfield>
    <subfield code="9">33495</subfield>
  </datafield>
  <datafield tag="245" ind1=" " ind2=" ">
    <subfield code="a">Comprehensive advanced microprocessor and microcontrollers /</subfield>
    <subfield code="c">S.K. Venkata Ram.</subfield>
  </datafield>
  <datafield tag="260" ind1=" " ind2=" ">
    <subfield code="a">New Delhi :</subfield>
    <subfield code="b">Laxmi Publications,</subfield>
    <subfield code="c">2004.</subfield>
  </datafield>
  <datafield tag="300" ind1=" " ind2=" ">
    <subfield code="a">499 p. :</subfield>
    <subfield code="b">illus;</subfield>
    <subfield code="c">24 cm.</subfield>
  </datafield>
  <datafield tag="505" ind1=" " ind2=" ">
    <subfield code="a">1. Introduction to Advanced Microprocessor; 2. Hardware Features of 8086/8088; 3. Memory Interfacing; 4. Addressing Modes and Insruction Set of 8086; 5. Techniques for Assembly Language Programming; 6. Development of Modular Program; 7. Assembly Language Pogramming (ALP); 8. 8086 Interrupts and P/C (8259/A); 9. Basic I/O Interfacing; 10. 8086 Sample Programs; 11. 8087 Numeric Data Processor; 12. Introdction to Microcontrollers; 13. Types of Microcontrollers; 14. 8051 Architecture; 15. 8051 Insructon Set; Appendices</subfield>
  </datafield>
  <datafield tag="520" ind1=" " ind2=" ">
    <subfield code="a">The book "Advanced Microprocessor and Microcontrollers" is an exhaustive and updated book on Microprocessor 8086/8088 and Microcontrollers 8051 series. The book is divided into 15 chapters, in which the detailed information about the Architecture, Instructions set, programming methodologies etc., have been discussed. Information about 16 bits Microprocessor and 8 bits MCS-51 has been made easier to the reader. Apart from that, 8087 numeric data processor is also explained for its Architecture, Instructions set with programming examples.</subfield>
  </datafield>
  <datafield tag="650" ind1=" " ind2=" ">
    <subfield code="a">Microprocessors.</subfield>
    <subfield code="9">33496</subfield>
  </datafield>
  <datafield tag="650" ind1=" " ind2=" ">
    <subfield code="a">Minicontrollers.</subfield>
    <subfield code="9">33497</subfield>
  </datafield>
  <datafield tag="942" ind1=" " ind2=" ">
    <subfield code="c">BB</subfield>
    <subfield code="k">001.6404VEN</subfield>
    <subfield code="2">ddc</subfield>
  </datafield>
  <datafield tag="999" ind1=" " ind2=" ">
    <subfield code="c">919</subfield>
    <subfield code="d">919</subfield>
  </datafield>
  <datafield tag="952" ind1=" " ind2=" ">
    <subfield code="0">0</subfield>
    <subfield code="1">0</subfield>
    <subfield code="2">ddc</subfield>
    <subfield code="4">0</subfield>
    <subfield code="7">0</subfield>
    <subfield code="8"> </subfield>
    <subfield code="a">MAIN</subfield>
    <subfield code="b">MAIN</subfield>
    <subfield code="c">LOW</subfield>
    <subfield code="d">2010-08-06</subfield>
    <subfield code="e">purchase</subfield>
    <subfield code="g">110.00</subfield>
    <subfield code="l">2</subfield>
    <subfield code="m">10</subfield>
    <subfield code="o">001.6404 VEN</subfield>
    <subfield code="p">000003609</subfield>
    <subfield code="r">2025-07-15 00:00:00</subfield>
    <subfield code="s">2024-02-25</subfield>
    <subfield code="v">137.50</subfield>
    <subfield code="y">BB</subfield>
  </datafield>
</record>
